<?xml version="1.0" encoding="UTF-8"?>
<collection xmlns:xsi="http://www.w3.org/2001/XMLSchema-instance" xsi:schemaLocation="http://www.loc.gov/MARC21/slim http://www.loc.gov/standards/marcxml/schema/MARC21slim.xsd" xmlns="http://www.loc.gov/MARC21/slim">
 <record>
  <leader>00000cam a22000004a 4500</leader>
  <controlfield tag="001">UP-8027390931312503238</controlfield>
  <controlfield tag="003">Buklod</controlfield>
  <controlfield tag="005">20190613132931.0</controlfield>
  <controlfield tag="006">o--- |     ||   ||</controlfield>
  <controlfield tag="007">ta</controlfield>
  <controlfield tag="008">080210s1997    xx      r    |000 u|fil d</controlfield>
  <datafield tag="020" ind1=" " ind2=" ">
   <subfield code="a">9718781579</subfield>
  </datafield>
  <datafield tag="020" ind1=" " ind2=" ">
   <subfield code="a">9718781676</subfield>
  </datafield>
  <datafield tag="035" ind1=" " ind2=" ">
   <subfield code="a">(iLib)UPCEB-00011589030</subfield>
  </datafield>
  <datafield tag="040" ind1=" " ind2=" ">
   <subfield code="a">DML</subfield>
  </datafield>
  <datafield tag="041" ind1="0" ind2=" ">
   <subfield code="a">fil</subfield>
   <subfield code="a">hlg</subfield>
  </datafield>
  <datafield tag="042" ind1=" " ind2=" ">
   <subfield code="a">DMLUC</subfield>
  </datafield>
  <datafield tag="090" ind1=" " ind2=" ">
   <subfield code="a">PL 5711 Z5</subfield>
   <subfield code="b">A42 1997</subfield>
  </datafield>
  <datafield tag="100" ind1="1" ind2=" ">
   <subfield code="a">Alcantara, Ruby V. Gamboa</subfield>
  </datafield>
  <datafield tag="245" ind1="1" ind2="0">
   <subfield code="a">Diksiyonaryong Hiligaynon-Filipino</subfield>
   <subfield code="c">Ruby V. Gamboa Alcantara.</subfield>
  </datafield>
  <datafield tag="264" ind1=" " ind2="1">
   <subfield code="a">Lungsod Quezon</subfield>
   <subfield code="b">Sentro ng Wikang Filipino, Office of Research Coordination, Unibersidad ng Pilipinas</subfield>
   <subfield code="c">c1997.</subfield>
  </datafield>
  <datafield tag="300" ind1=" " ind2=" ">
   <subfield code="a">xiii, 538 p.</subfield>
  </datafield>
  <datafield tag="520" ind1=" " ind2=" ">
   <subfield code="a">It is composed of around 10,000 entries that aim to leave a collection of new terms to be added to existing Hiligaynon dictionaries. Pronunciations and spellings were patterned from Yuhan magazine and novels of Magdalena Jalandoni.</subfield>
  </datafield>
  <datafield tag="520" ind1=" " ind2=" ">
   <subfield code="a">This dictionary is an experimental edition and admits its limitation. It aims to provide a collection of new terms so these can be added to the two earlier dictionaries of Kaufman and Motus; prepare a model entry for a Hiligaynon-Filipino dictionary; serve as a reference intrument for Filipinos and even foreigners who wish to learn/understand Hiligaynon; and to prove that Filipinos can easily learn other Philippine languages not only in vocabulary but in structure as well. It contains 10,000 terms; each term in bold letters with pronunciation. Meanings are provided in Filipino; part of speech specified (e.g. noun, verb, adverb...). Sentences in Hiligaynon are interpreted in Filipino; root words are not limited; syllabication, root word, accent are given to aid non-Hiligaynon users. Arrangement is by Filipino alphabet. This does not include terms for C, F, J, Q, V, X, and Z as these are already included in Motus/Kaufman dictionaries, Entries are specified according to the writers of Yuhum magazine.</subfield>
  </datafield>
  <datafield tag="541" ind1=" " ind2=" ">
   <subfield code="a">FI-6720g donated by Dr. Damiana L. Eugenio.</subfield>
  </datafield>
  <datafield tag="650" ind1=" " ind2="0">
   <subfield code="a">Hiligaynon language</subfield>
   <subfield code="v">Dictionaries</subfield>
   <subfield code="x">Filipino.</subfield>
  </datafield>
  <datafield tag="710" ind1="2" ind2=" ">
   <subfield code="a">University of the Philippines (Diliman)</subfield>
   <subfield code="b">Sentro ng Wikang Filipino.</subfield>
  </datafield>
  <datafield tag="710" ind1="2" ind2=" ">
   <subfield code="a">University of the Philippines (Diliman)</subfield>
   <subfield code="b">Office of Research Coordination.</subfield>
  </datafield>
  <datafield tag="905" ind1=" " ind2=" ">
   <subfield code="a">FI</subfield>
  </datafield>
  <datafield tag="905" ind1=" " ind2=" ">
   <subfield code="a">UP</subfield>
  </datafield>
  <datafield tag="950" ind1=" " ind2=" ">
   <subfield code="a">Monograph</subfield>
  </datafield>
  <datafield tag="852" ind1="0" ind2=" ">
   <subfield code="a">UPCEB</subfield>
   <subfield code="b">CEBU-LAHUG</subfield>
   <subfield code="h">PL 5711 Z5</subfield>
   <subfield code="i">A42 1997</subfield>
  </datafield>
  <datafield tag="942" ind1=" " ind2=" ">
   <subfield code="a">Book</subfield>
  </datafield>
 </record>
</collection>
